E-biznis a jeho aplikácia v podniku /cestovná kancelária Solvex/ diplomová práca

Enregistré dans:
Détails bibliographiques
Auteur principal: Krempaská, Barbora
Collectivité auteur: Obchodná fakulta EU. Katedra marketingu
Autres auteurs: Miklošík, Andrej
Format: Livre
Langue:slovaque
Publié: Bratislava 2014
Tags: Ajouter un tag
Pas de tags, Soyez le premier à ajouter un tag!

MARC

LEADER 00000nbm a2200000 4500
001 0185942
005 20170315090441.4
041 0 |a slo 
044 |a SK 
245 1 0 |a E-biznis a jeho aplikácia v podniku /cestovná kancelária Solvex/  |b diplomová práca  |c Barbora Krempaská ; školiteľ: Andrej Miklošík 
264 1 |a Bratislava  |c 2014 
300 |a 71 s. 
100 1 |a Krempaská, Barbora 
700 1 |a Miklošík, Andrej 
710 2 |a Obchodná fakulta EU. Katedra marketingu